Respuesta del proceso de vulcanización a las propiedades reológicas del hule
Сохранить в:
| Главный автор: | |
|---|---|
| Формат: | |
| Опубликовано: |
San José, Costa Rica
1990
|
| Предметы: | |
| Метки: |
Добавить метку
Нет меток, Требуется 1-ая метка записи!
|
MARC
| LEADER | 00000nam a2200000Ia 4500 | ||
|---|---|---|---|
| 003 | 004883 | ||
| 005 | 20221231144334.0 | ||
| 008 | 140114s1990 cr a m 000 ||s d | ||
| 040 | |c cru CEDI | ||
| 090 | |a TFG 2300 | ||
| 100 | |a Wong González, Salvador Antonio |9 13076 | ||
| 245 | |a Respuesta del proceso de vulcanización a las propiedades reológicas del hule | ||
| 260 | |c 1990 |a San José, Costa Rica | ||
| 300 | |a xv, 148 hojas : ilustraciones ; 28 cm. | ||
| 500 | |a Proyecto de graduación (licenciatura en ingeniería química)--Universidad de Costa Rica. Facultad de Ingeniería. Escuela de Ingeniería Química | ||
| 650 | |x VULCANIZACION |9 13077 | ||
| 942 | |c TFG | ||
| 999 | |c 20385 |d 20385 | ||
